CIL-77 (Record no. 189537)
[ view plain ]
| 000 -LEADER | |
|---|---|
| campo de control de longitud fija | 00740nam a2200193 i 4500 |
| 001 - NÚMERO DE CONTROL | |
| campo de control | 189537 |
| 003 - IDENTIFICADOR DE NÚMERO DE CONTROL | |
| campo de control | SpMaBN |
| 005 - FECHA Y HORA DE LA ÚLTIMA TRANSACCIÓN | |
| campo de control | 20230906223509.0 |
| 008 - DATOS DE LONGITUD FIJA--INFORMACIÓN GENERAL | |
| campo de control de longitud fija | 190607s1977 sp d |||| | spa d |
| 080 ## - NÚMERO DE LA CLASIFICACIÓN DECIMAL UNIVERSAL | |
| Número de la Clasificación Decimal Universal | 007:061.3(100)"1977" |
| 111 2# - ENTRADA PRINCIPAL--NOMBRE DE CONGRESO/REUNIÓN | |
| Nombre de congreso/reunión o jurisdicción como elemento de entrada | Convención Informática Latina ( |
| Fecha del congreso o de la firma del tratado | 1977. |
| Sede del congreso/Lugar de la reunión | Barcelona) |
| 9 (RLIN) | 167314 |
| 245 10 - MENCIÓN DEL TÍTULO | |
| Título | CIL-77 |
| Resto del título | : Convención Informática Latina : Barcelona, 8 junio 1977 / |
| Mención de responsabilidad, etc. | organizan, Asociación de Técnicos de Informática ... [et al.]. |
| 260 ## - PUBLICACIÓN, DISTRIBUCIÓN, ETC. | |
| Lugar de publicación, distribución, etc. | [Barcelona : |
| Nombre del editor, distribuidor, etc. | s.n., |
| Fecha de publicación, distribución, etc. | 1977] |
| 300 ## - DESCRIPCIÓN FÍSICA | |
| Extensión | 113 p. : |
| Otras características físicas | gráf. ; |
| Dimensiones | 30 cm. |
| 500 ## - NOTA GENERAL | |
| Nota general | Índice. |
| 504 ## - NOTA DE BIBLIOGRAFÍA, ETC. | |
| Nota de bibliografía, etc. | Referencias bibliográficas. |
| 650 07 - PUNTO DE ACCESO ADICIONAL DE MATERIA--TÉRMINO DE MATERIA | |
| Término de materia o nombre geográfico como elemento de entrada | Informática- |
| Subdivisión general | Congresos y asambleas. |
| 9 (RLIN) | 13761 |
| 852 ## - LOCALIZACIÓN | |
| Ubicación | ES-MaACL |
| Número de control de estantería | L-32434 |
| Nota libre | . - Donat. Ernesto García Camarero |
| Estatus retirado | Estado de pérdida | Estado de daño | No para préstamo | Biblioteca de origen | Biblioteca actual | Ubicación en estantería | Fecha de adquisición | Fuente de adquisición | Total de préstamos | Signatura topográfica completa | Código de barras | Visto por última vez | Precio de reemplazo | Tipo de ítem Koha |
|---|---|---|---|---|---|---|---|---|---|---|---|---|---|---|
| Biblioteca del Ateneo de Madrid | Biblioteca del Ateneo de Madrid | Depósito 2 | 07/06/2019 | L-32434 | 1200834 | 23/02/2023 | 23/02/2023 | Libro impreso |
